| 000 | 00788cab a2200241 4500 | ||
|---|---|---|---|
| 001 | WB3014-94 | ||
| 008 | 090401t1994 xxu||||| |||| 00| 0 eng d | ||
| 035 | _a(Sirsi) u24530 | ||
| 041 | _aeng | ||
| 245 | _aSet-aside rules | ||
| 260 | _c1994 | ||
| 350 | _a0 | ||
| 490 |
_aScotsman _v13 April 1994, 18 |
||
| 490 |
_aHerald _v13 April 1994, 21(1) |
||
| 520 | _aSet-aside rules which will guarantee payments to farmers for five years have been confirmed by the European Commission. Government has decided not to apply any additional controls in the UK in voluntary set-aside in 1994. | ||
| 650 | _aFIVE-YEAR SET-ASIDE | ||
| 650 | _aSET-ASIDE PAYMENTS | ||
| 650 | _aSET-ASIDE | ||
| 650 | _aVOLUNTARY SET-ASIDE | ||
| 690 | _aRURAL PRACTICE | ||
| 942 | _n0 | ||
| 948 | _c04/03/1997 | ||
| 999 |
_c16453 _d16453 |
||